Ochrana životního prostředí

Guardado en:
Detalles Bibliográficos
Otros Autores: Bretschneider, B.
Formato: Libro
Lenguaje:checo
Publicado: Praha Státní nakladatelství technické literatury 1985
Etiquetas: Agregar Etiqueta
Sin Etiquetas, Sea el primero en etiquetar este registro!

MARC

LEADER 00000nam a2200000 4500
001 c110849
005 20230110081213.9
041 0 |a cze 
044 |a CZ 
245 1 0 |a Ochrana životního prostředí  |c [Z nem. orig. přel. B. Bretschneider] 
264 1 |a Praha  |b Státní nakladatelství technické literatury  |c 1985 
300 |a 244 s. 
700 1 |a Bretschneider, B.